K ustavení Evropy /
Uložené v:
| Hlavný autor: | |
|---|---|
| Ďalší autori: | |
| Médium: | Kniha |
| Jazyk: | Czech German |
| Vydané: |
Praha :
Filosofia,
2013.
|
| Vydanie: | Vyd. 1. |
| Edícia: | Filosofie a sociální vědy
sv. 45 |
| Témy: | |
| ISBN: |
9788070073919 (viaz.) |
| Fyzický popis: |
270 s. ; 20 cm. |
| Tagy: |
Pridať tag
Žiadne tagy, Buďte prvý kto otaguje tento záznam!
|
Titul je dostupný aj v ... 

MARC
| LEADER | 00000nam a2200000 a 4500 | ||
|---|---|---|---|
| 001 | 000423421 | ||
| 005 | 20131120133147.0 | ||
| 008 | 130507s2013 xr e 001 0 cze d | ||
| 020 | |a 9788070073919 (viaz.) | ||
| 040 | |a SVKKK |b slo |c SVKKK |e AACR2 | ||
| 041 | 1 | |a cze |b eng |h ger | |
| 043 | |a e------ | ||
| 044 | |a xr |c CZ | ||
| 072 | 7 | |a 321 |x Politológia |2 konspekt | |
| 080 | |a 342.4 |2 2001 | ||
| 080 | |a 341.231.14 |2 2001 | ||
| 080 | |a 321.7+342.34 |2 2001 | ||
| 080 | |a [327+316.73](4) |2 2001 | ||
| 080 | |a [339.923+327](4) |2 2001 | ||
| 080 | |a 34 |2 2001 | ||
| 080 | |a 101 |2 2001 | ||
| 080 | |a (4) |2 2001 | ||
| 080 | |a (0:82-4) |2 2001 | ||
| 080 | |a (0.072) |2 2001 | ||
| 100 | 1 | |a Habermas, Jürgen, |d 1929- | |
| 240 | 1 | 0 | |a Zur Verfassung Europas. |l Česky |
| 245 | 1 | 0 | |a K ustavení Evropy / |c Jürgen Habermas ; [z německého originálu přeložila Alena Bakešová]. |
| 250 | |a Vyd. 1. | ||
| 260 | |a Praha : |b Filosofia, |c 2013. | ||
| 300 | |a 270 s. ; |c 20 cm. | ||
| 490 | 1 | |a Filosofie a sociální vědy |v sv. 45 | |
| 500 | |a Preklad z nem. orig. | ||
| 500 | |a Údaj o prekl. prevzatý z tiráže | ||
| 500 | |a Poznámky | ||
| 504 | |a Bibl. odkazy; menný register: s. 269-270 | ||
| 546 | |a Resumé angl. | ||
| 610 | 2 | 7 | |a Európská unia |2 SVKKKKA |
| 650 | 0 | 7 | |a ústava |2 SVKKKPH |
| 650 | 0 | 7 | |a ľudské práva |2 SVKKKPH |
| 650 | 0 | 7 | |a demokracia |2 SVKKKPH |
| 650 | 0 | 7 | |a europeizácia |2 SVKKKPH |
| 650 | 0 | 7 | |a európska integrácia |2 SVKKKPH |
| 651 | 7 | |a krajiny Európskej únie |2 SVKKKPH | |
| 655 | 7 | |a eseje |2 SVKKKPH | |
| 655 | 7 | |a komentované vydanie |2 SVKKKPH | |
| 700 | 1 | |a Bakešová, Alena |4 trl | |
| 765 | 0 | |t Zur Verfassung Europas. Česky |a Habermas, Jürgen, 1929- | |
| 830 | 0 | |a Filosofie a sociální vědy |v sv. 45 | |
| 910 | |a svkkk | ||
| 919 | |a 978-80-7007-391-9 | ||
| 998 | |a BK | ||
| 090 | |g SCKHL |k Sklad Hlavná 10 prízemie |a III.226873 |j 1047402 |i 2720289723 |s Absenčne | ||